Tratados Internacionales (Record no. 146319)

MARC details
000 -LEADER
campo de control de longitud fija 00574nam a2200157 i 4500
001 - NÚMERO DE CONTROL
campo de control 146319
003 - IDENTIFICADOR DE NÚMERO DE CONTROL
campo de control ES-MaACL
005 - FECHA Y HORA DE LA ÚLTIMA TRANSACCIÓN
campo de control 20230906201506.0
007 - CAMPO FIJO DE DESCRIPCIÓN FÍSICA--INFORMACIÓN GENERAL
campo de control de longitud fija t|
008 - DATOS DE LONGITUD FIJA--INFORMACIÓN GENERAL
campo de control de longitud fija 070906s1954 ho ||||1| spa d
245 00 - MENCIÓN DEL TÍTULO
Título Tratados Internacionales
Resto del título : Tomo I, Periodo Colonial, República Federal de Centro America y Tratados bilaterales con Costa Rica.
260 ## - PUBLICACIÓN, DISTRIBUCIÓN, ETC.
Lugar de publicación, distribución, etc. Tegucigalpa (Honduras) :
Nombre del editor, distribuidor, etc. Secretaria de Relaciones Exteriores,
Fecha de publicación, distribución, etc. 1954.
300 ## - DESCRIPCIÓN FÍSICA
Extensión 515 p., 5 h. ;
Dimensiones 31 cm.
710 1# - ENTRADA AGREGADA--NOMBRE DE ENTIDAD CORPORATIVA
Nombre de entidad corporativa o nombre de jurisdicción como elemento de entrada Honduras.
Unidad subordinada Secretaría de Relaciones Exteriores.
9 (RLIN) 6519
852 ## - LOCALIZACIÓN
Ubicación ES-MaACL
Número de control de estantería C-56537
Holdings
Estatus retirado Estado de pérdida Estado de daño No para préstamo Biblioteca de origen Biblioteca actual Ubicación en estantería Fecha de adquisición Fuente de adquisición Total de préstamos Signatura topográfica completa Código de barras Visto por última vez Precio de reemplazo Tipo de ítem Koha
        Biblioteca del Ateneo de Madrid Biblioteca del Ateneo de Madrid Depósito 2 17/01/2008     C-56537 1152720 23/02/2023 23/02/2023 Libro impreso